00579cam a22001337a 4500008004000000082002800040100002500068245012600093260005100219300001100270440006600281650007800347650002000425180718b1992 xxu||||| |||| 00| 0 eng d aA81x54 91/13/PT12A&B/JH aCensus of India 1991 aMadhya Pradesh district census handbook, Jhabua: village and town directory, village and townwise primary census abstract aBhopalbDirectorate of Census Operationsc1992 a994+p. aCensus of India 1991. Series-13, Madhya Pradesh. Part XII-A&B aCities and towns - Directories - Census - India - Madhya Pradesh - Jhabua aJhabua - Census